00394nam a2200181Ia 4500008004100000020001800041245001300059245001900072260001500091260001600106260000900122300001600131300002500147300001000172440001600182440000600198500000800204170705s9999 xx 000 0 und d a9780439164566 aIsland / cGordon Korman. aNew York : bScholastic, c2011 a129 pages : bcolor illustration ; c19cm. aShipwreck ; v1 a610